1083 1165 1500 1408 1587 1262 1261 1836 1497 1444 1843 1243 1763 1792 1049 1202 1624 1231 1111 1303 1447 1764 1432 1074 1666 1898 1257 1031 1954 1932 1476 1136 1502 1223 1007 1311 1092 1163 1674 1454 1757 1849 1493 1033 1703 1450 1099 1278 1955 1214 1028 1415 1600 1646 1817 1613 1452 1587 1341 1391 1587 1223 1427 1288 1003 1342 1027 1152 1336 1901 1899 1727 1976 1295 1935 1362 1528 1208 1087 1336 1999 1121 1437 1654 1072 1927 1068 1321 1967 1362 1304 1424 1309 1787 1128 1487 1802 1153 1883 BCNSPRNW ULIB Ver.6.0+V

เปลี่ยนเป็นภาษาไทย

Change to English
 แสดงรายละเอียดบรรณานุกรม
  กลับหน้าหลัก

Brief Record : Get Marc (ISO 2709) : E-mail record : QR code < ปิดหน้าต่าง
LEADER : 00000nam 2200000uu 4500
001    13399121059
003     ULIB
008    020711s2545 th a 000 0 tha d
050  4 HM^bส691ส
110    สำนักงานคณะกรรมการการสาธารณสุขมูลฐาน
245    สิทธิ หน้าที่ พลเมือง : ระบบสุขภาพภาคประชาชน /^cสำนักงานคณะกรรมการการสาธารณสุขมูลฐาน
250    พิมพ์ครั้งที่ 4
260    นนทบุรี :^bสำนักงานคณะกรรมการการสาธารณสุขมูลฐาน,^c2545
300    48 หน้า
650    ระบบสุขภาพภาคประชาชน
945    ^p0^l0^i11522
945    ^p0^l0^i11523
945    ^p0^l0^i11524
945    ^p0^l0^i11525
945    ^p0^l0^i11530
999    ^aทศพร เกษรทอง
รายการนี้ยังไม่มีแท็ก
คุณยังไม่ได้ล็อกอิน คุณสามารถมีกิจกรรมร่วมกับเว็บไซต์ได้ แต่ต้องล็อกอินก่อน ::
  ล็อกอิน

รายการสื่อสารสนเทศ

ลำดับที่ ประเภท เลขเรียก/บาร์โค้ด สถานที่ สถานะ
1. วิทยาศาสตร์การแพทย์ และสุขภาพ
วิทยาศาสตร์การแพทย์ และสุขภาพ
HM ส691ส ฉ.1 
  Barcode: 11522
ห้องสมุดวิทยาเขตสวรรค์ประชารักษ์
►หนังสือทั่วไป
บนชั้น
2. วิทยาศาสตร์การแพทย์ และสุขภาพ
วิทยาศาสตร์การแพทย์ และสุขภาพ
HM ส691ส ฉ.2 
  Barcode: 11523
ห้องสมุดวิทยาเขตสวรรค์ประชารักษ์
►หนังสือทั่วไป
บนชั้น
3. วิทยาศาสตร์การแพทย์ และสุขภาพ
วิทยาศาสตร์การแพทย์ และสุขภาพ
HM ส691ส ฉ.3 
  Barcode: 11524
ห้องสมุดวิทยาเขตสวรรค์ประชารักษ์
►หนังสือทั่วไป
บนชั้น
4. วิทยาศาสตร์การแพทย์ และสุขภาพ
วิทยาศาสตร์การแพทย์ และสุขภาพ
HM ส691ส ฉ.4 
  Barcode: 11525
ห้องสมุดวิทยาเขตสวรรค์ประชารักษ์
►หนังสือทั่วไป
บนชั้น
5. วิทยาศาสตร์การแพทย์ และสุขภาพ
วิทยาศาสตร์การแพทย์ และสุขภาพ
HM ส691ส ฉ.5 
  Barcode: 11530
ห้องสมุดวิทยาเขตสวรรค์ประชารักษ์
►หนังสือทั่วไป
บนชั้น

BibComment


ยังไม่เคยถูกคอมเมนท์

คอมเมนท์ทรัพยากรรายการนี้
  คอมเมนท์: สิทธิ หน้าที่ พลเ..


 Copyright 2026. Bcnsprnw @Library